Word Ladder: TV Networks Quiz Stats

 Plays Quiz Updated May 21, 2018

Challenge
Share
Tweet
Embed
Score 0/26 Timer 03:00
0 Plays Today
Hint 3-Letter Word % Correct
Its logo is a peacockNBC
96.4%
Network of 'The View' and 'Grey's Anatomy'ABC
91.3%
Boston's are red; Chicago's are whiteSOX
90.5%
Network of 'The Simpsons' and 'Empire'FOX
90.4%
VI, to a RomanSIX
90.2%
The 'eye' networkCBS
89.8%
Company known for pens, lighters, and disposable razorsBIC
88%
Muscles worked by situps or crunchesABS
87.3%
News network founded by Ted TurnerCNN
86.3%
The world's oldest broadcasting organizationBBC
86.2%
Holiday ___INN
84.4%
Editor's comment indicating an exact quotationSIC
83.9%
Originally Pax TV; also a charged particleION
83.2%
Hint 3-Letter Word % Correct
Trigonometric partner of SINCOS
82.8%
Very low cloudFOG
78.1%
A gearCOG
77.3%
University in VancouverUBC
74.5%
A short word for your dearie, or a judge's abbreviated titleHON
74.4%
Home of the Tar HeelsUNC
73.1%
Religious network founded by Pat RobertsonCBN
72.5%
It succeeded National Educational Television in 1970PBS
70.7%
QVC's competitorHSN
67.8%
With -vision or -Más, it's a Spanish-language networkUNI
66.9%
Counterpart to USAF or USMCUSN
62.7%
AP's rival news agencyUPI
49.2%
Now-defunct network that aired several Star Trek seriesUPN
48.2%

Today's Daily Dose

Word Ladder
King of the...

Quick Pick
The Doors Songs

On This Day
August 17th II

You're not logged in!

Compare scores with friends on all Sporcle quizzes.
Join for Free
OR
Log In

You Might Also Like...

Show Comments

Extras

Top Quizzes Today


Score Distribution

Your Account Isn't Verified!

In order to create a playlist on Sporcle, you need to verify the email address you used during registration. Go to your Sporcle Settings to finish the process.

Report this User

Report this user for behavior that violates our Community Guidelines.

Details: